رسالہ شاہ عبداللطیف بھٹائی رح (Record no. 13780)
[ view plain ]
| 000 -LEADER | |
|---|---|
| fixed length control field | 00290nam a22001097a 4500 |
| 082 ## - DEWEY DECIMAL CLASSIFICATION NUMBER | |
| Classification number | 891.43 |
| 100 ## - MAIN ENTRY--AUTHOR NAME | |
| Personal name | شیخ ایاز |
| 245 ## - TITLE STATEMENT | |
| Title | رسالہ شاہ عبداللطیف بھٹائی رح |
| 260 ## - PUBLICATION, DISTRIBUTION, ETC. (IMPRINT) | |
| Place of publication | کراچی |
| Name of publisher | سندھیکا اکیڈمی |
| 300 ## - PHYSICAL DESCRIPTION | |
| Number of Pages | ٦٦٣ صفحات |
| 942 ## - ADDED ENTRY ELEMENTS (KOHA) | |
| Koha item type | Books |
| Withdrawn status | Lost status | Collection code | Permanent Location | Current Location | Shelving location | Date acquired | Full call number | Accession Number | Koha item type |
|---|---|---|---|---|---|---|---|---|---|
| | | Urdu Literature | MAJU | MAJU | Shelf No.A10 | 2023-05-31 | 891.43 | 2597 | Books |